000 nam a22 7a 4500
999 _c9373
_d9373
008 180129b ||||| |||| 00| 0 eng d
100 _aChetan Bhagat
_95607
245 _aHalf Girlfriend
260 _aNew Delhi
_bRupa